01082 a2200169 45000010006000000050017000060080041000230030015000640400040000790800154001192450079002732640037003523000019003895050474004080410008008821000022008903935220260407155652.0260407a1977 arg spa dAR-UNSa-BCEJYS aAR-UNSa-BCEJYSbspacAR-UNSa-BCEJYS a347.626.97xLiquidación de gananciales. Disolución de la comunidad. Participación en el procedimiento. Restitución de la propiedad compartida10aLiquidación de la sociedad conyugal por causa de divorciopprocedimiento 1aBuenos Aires :bPlus Ultrac1977 a155 p.c23 cm. a1. Pautas legales para la liquidación de la sociedad conyugal por causa de divorcio - 2. Restitución de los bienes propios - 3. Liquidación simultanea de sociedades sucesicas o superpuestas - 4. El transito hacia la partición - 5. Liquidación privada - 6. Partición mixta - 8. Liquidación judicial: generalidades - 9. Liquidación judicial: inventario y avalúo - 10. Liquidación judicial: administración - 11. Liquidación judicial: La partición aspa1 aEscribano, Carlos